Sports Quiz

Random Sports or Football Quiz

Premier League Scores 2016/17 Week 34 Quiz Stats

Quiz not verified by Sporcle

Challenge
Share
Tweet
Embed
Score 0/7 Timer 01:00
0 Plays Today
Home Team Score Line % Correct
Liverpool1-2
92%
Burnley0-2
84%
West Ham0-0
80%
Chelsea4-2
76%
Hull2-0
60%
Swansea2-0
60%
Bournemouth4-0
52%

You're not logged in!

Compare scores with friends on all Sporcle quizzes.
Sign Up with Email
OR
Log In

You Might Also Like...

Show Comments

Extras

Top Quizzes Today


Score Distribution

Your Account Isn't Verified!

In order to create a playlist on Sporcle, you need to verify the email address you used during registration. Go to your Sporcle Settings to finish the process.

Report this User

Report this user for behavior that violates our Community Guidelines.

Details: